Famous People by Pictures - S - Statistics

General Stats
  • This quiz has been taken 76 times
  • The average score is 13 of 30
Answer Stats
Picture Answer % Correct
Sylvester Stallone
85%
Serena Williams
82%
Samuel L. Jackson
75%
Sabrina Carpenter
71%
Sandra Bullock
71%
Scarlett Johansson
69%
Sarah Jessica Parker
66%
Sean Connery
66%
Skai Jackson
66%
Sam Smith
65%
Selena Gomez
65%
Stevie Wonder
65%
Salma Hayek
63%
Sia
57%
Stephen King
51%
Sofía Vergara
50%
Steven Seagal
50%
Sydney Sweeney
47%
Sandra Oh
43%
Shawn Mendes
40%
Sharon Stone
37%
Selena Quintanilla
16%
San
15%
Suki Waterhouse
7%
Shontelle
1%
Sterling Knight
1%
Sunoo
1%
Soobin
0%
Sulli
0%
Sunmi
0%
No matching quizzes found
Score Distribution
Percent of People with Each Score
Percentile by Number Answered
Your Score History
You have not taken this quiz